000 02338cgm a22004578i 4500
005 20231122142650.0
007 vd cvaizk
008 190812s2019 087 j ## vaeng d
024 1 _a191329065617
040 _beng
_erda
_dMMLLC
041 0 _aeng
_heng
082 0 4 _a[Fic]
_223
092 _aEDVD
_bCur
245 1 0 _aCurious George : Royal monkey
264 2 _aOld Saybrook, Connecticut :
_bwww.micromarketing.org
264 1 _a[Universal City, California?] :
_b[Universal Home Entertainment],
_c[2019]
300 _a[1 videodisc (approximately 87 minutes)?] :
_bsound, color;
_c4 3/4 in.
336 _atwo-dimensional moving image
337 _avideo
338 _avideodisc
500 _aWidescreen edition.
511 0 _aFrank Welker, Jeff Bennett, Daniela Bobadilla.
520 _a"Join your favorite monkey as he takes on his most regal role yet in the all-new movie, Curious George: Royal Monkey. After disrupting a meeting with a stuffy royal family, George accidentally trades places with the king's snooty monkey, Philippe. While Philippe puzzles Ted with his flawless manners, George travels to the castle where his fun-loving antics raise eyebrows and bring shy Princess Isabel out of her shell. Featuring all-new music from Andy Grammer, this king-sized adventure reminds us all that doing what you love is the key to happiness."
521 8 _a[Rating: NR?].
538 _aDVD, animated, color, widescreen, NTSC.
546 _aIn English; with English subtitles for the deaf and hearing impaired (SDH).
650 0 _aCurious George (Fictitious character)
_vJuvenile films.
_95739807
650 0 _aFriendship
_vJuvenile films.
_95675516
650 1 _aCurious George (Fictitious character)
_vDrama.
_95774087
650 1 _aFriendship
_vDrama.
_95682261
655 1 _aAnimated films.
_96008633
655 7 _aChildren's films.
_2lcgft.
_96008634
700 1 _aWelker, Frank,
_eperformer.
_968649
700 1 _aBennett, Jeff,
_eperformer.
_961261
700 1 _aBobadilla, Daniela,
_eperformer.
_96008636
710 2 _aUniversal Pictures (Firm),
_eproduction company.
_919584
710 2 _aUniversal Studios Home Entertainment (Firm),
_epublisher.
_972642
942 _cDVD
_2ddc
948 _a08/22/2019
_zSirsi
949 _nwww.MicroMarketing.org 800-229-9887
999 _c321000
_d321088